01663 2200421 4500001002100000005001500021035002000036007000300056008004100059020002200100040002200122082001400144084001600158245030800174850001200482264003000494336002100524337002300545338003800568300003000606856007600636852002000712500006900732650002000801100002400821700003800845700004300883700003200926700002900958700003700987700002801024700003701052700003901089700004301128700002601171990002201197990002201219INLIS00000000086697720221018123214 a0010-1121001058ta211109s2014 yoi gs 0 | ind d a978-979-21-4022-4 aYOPDYOGbinderda04223a809.8 a809.8 ARI s10aSecercah lentera kehidupan :bkisah-kisah inspiratif para pewarta iman /cAriyanti, Agustinus Rudy Winarto, Oktavianus Jeffrey Budiarto, Dedimus Berangka, Merry Un Lais, Petrus Sukoco Irianto, Yulita Noria, Matias Endar Suhendar, Fransiscus Assisi Yusup; penyunting, F.X. Heryatno Wono Wulung, Megandika aYOPDYOG31aSleman :bKanisius,c2014 2rdacontentateks 2rdamediaakomputer 2rdacarrierasumber sambung jaring a1 berkas komputer (6,3MB)40nPerpustakaan Digital iJogjauhttp://ijogja.id /publications/books/234088 aaplikasi iJogja aUntuk mengakses buku ini silakan unduh aplikasi http://ijogja.id 4aKisah kehidupan0 aAriyantiePengarang0 aAgustinus Rudy WinartoePengarang0 aOktavianus Jeffrey BudiartoePengarang0 aDedimus BerangkaePengarang0 aMerry Un LaisePengarang0 aPetrus Sukoco IriantoePengarang0 aYulita NoriaePengarang0 aMatias Endar SuhendarePengarang0 aFransiscus Assisi YusupePengarang1 aHeryatno Wono Wulung, F.X.ePenyunting0 aMegandikaePenyunting a001925-EPD/B.2017 a001926-EPD/B.2017